000 00683nam a22001577a 4500
003 OSt
005 20150921170912.0
008 150921b xxu||||| |||| 00| 0 eng d
040 _cRUA
082 _aAGR CHE 2008 B035 Or.1
100 _91054
_aCHEA VUTHEA
245 _aEffect of chicken manure on lettuce in crop station of royal university of agriculture,(ប្រសិទ្ធភាពនៃជីលាមកមាន់លើដំណាំសាលាដនៅស្ថានីយ៍ដំណាំសាកលវិទ្យាល័យភូមិន្ទកសិកម្ម)
260 _aphnom penh
_bRUA
_c2008
300 _av,53p.
_cill.
_g29cm.
942 _2ddc
_cAGR
999 _c1012
_d1012